Real Names of Famous People - Statistics

General Stats
  • This quiz has been taken 125 times
    68 since last reset
  • The average score is 22 of 60
Answer Stats
Hint Answer % Correct
Movie Norma Jeane Mortenson Marilyn Monroe
91%
Music Reginald Kenneth Dwight Elton John
81%
History Siddhartha Gautama Buddha
79%
Sports Cassius Marcellus Clay Jr. Muhammad Ali
79%
Movie Nicolas Kim Coppola Nicolas Cage
78%
Music Marshall Bruce Mathers III Eminem
76%
Movie Carlos Irwin Estevez Charlie Sheen
71%
Music Stefani Joanne Angelina Germanotta Lady Gaga
71%
Music Farrokh Bulsara Freddie Mercury
64%
Music M. Louise Ciccone Madonna
64%
Fashion Ralph Lifshitz Ralph Lauren
64%
Movie Demi Gene Guynes Demi Moore
62%
Movie Joaquín Rafael Bottom Joaquin Phoenix
62%
Sports Edson Arantes do Nascimento Pele
62%
Music Paul David Hewson Bono
59%
Movie Marion Michael Morrison John Wayne
55%
Music Alicia Augello-Cook Alicia Keys
52%
Music David Robert Jones David Bowie
52%
Music Stacy Ann Ferguson Fergie
52%
Music Alecia Beth Moore Pink
50%
Music Katheryn Elizabeth Hudson Katy Perry
45%
Music Robyn R. Fenty Rihanna
43%
Movie Helen Lydia Mironoff Helen Mirren
41%
Movie Maurice Joseph Micklewhite Jr. Michael Caine
38%
Music Calvin Cordozar Broadus, Jr. Snoop Dogg
38%
Music Courtney Michelle Harrison Courtney Love
36%
Music Onika Tanya Maraj-Petty Nicki Minaj
36%
Music Peter Gene Hernandez Bruno Mars
34%
Sports Ronaldo De Assis Moreira Ronaldinho
34%
Movie Archibald Alec Leach Cary Grant
33%
Movie Frances Ethel Gumm Judy Garland
33%
Sports Ferdinand Lewis Alcindor Jr Kareem Abdul-Jabbar
33%
Movie Caryn Elaine Johnson Whoopi Goldberg
31%
History Ioseb Besarionis dze Jughashvili Joseph Stalin
29%
Movie Krishna Pandit Bhanji Ben Kingsley
28%
Movie Neta-Lee Hershlag Natalie Portman
26%
Music Ella Marija Lani Yelich-O'Connor Lorde
24%
Sports Terry Eugene Bollea Hulk Hogan
21%
Movie Olivia Jane Cockburn Olivia Wilde
21%
Movie Eric Marlon Bishop Jamie Foxx
19%
Sports Ricardo Izecson dos Santos Leite Kaka
19%
History William Henry McCarty Billy the Kid
17%
Movie Michael John Douglas Michael Keaton
17%
Movie Blake Ellender Brown Blake Lively
16%
Movie Lily Chloe Ninette Thomson Lily James
16%
Music Elizabeth Woolridge Grant Lana Del Rey
12%
Music Florian Cloud de Bounevialle O'Malley Armstrong Dido
10%
Music Erica Abi Wright Erykah Badu
10%
Music Eilleen Regina Edwards Shania Twain
10%
Movie Brianne Sidonie Desaulniers Brie Larson
9%
History Robert LeRoy Parker Butch Cassidy
9%
Music John Rogers Stephens John Legend
9%
Movie Margaret Mary Emily Hyra Meg Ryan
9%
Movie Mark Sinclair Vin Diesel
9%
Movie Tara Leigh Patrick Carmen Electra
7%
Fashion Francisco Rabaneda Cuervo Paco Rabanne
7%
Fashion Eleanor Nancy Gow Elle Macpherson
5%
Sports Garik Kimovich Weinstein Garry Kasparov
5%
Movie Amanda Lee Rogers Portia De Rossi
3%
Fashion Karl Andersen, Jr Michael Kors
0%
No matching quizzes found
Score Distribution
Percent of People with Each Score
Percentile by Number Answered
Your Score History
You have not taken this quiz since the last reset